|
|
|
|
| LEADER |
01841nam a2200361 a 4500 |
| 001 |
10357 |
| 003 |
BD-DhAAL |
| 008 |
091008s1985 mdua b 000 0 eng d |
| 999 |
|
|
|c 4355
|d 4355
|
| 010 |
|
|
|a 85071245
|
| 040 |
|
|
|a DNLM/DLC
|c DLC
|d DLC
|d BD-DhAAL
|
| 082 |
0 |
0 |
|a 362.10425
|2 19
|
| 100 |
1 |
|
|a Goldsmith, Arthur A.
|q (Arthur Austin),
|d 1949-
|9 40371
|
| 245 |
1 |
0 |
|a Operations research issues.
|p Community organization /
|c Arthur Goldsmith, Barbara Pillsbury, David Nicholas.
|
| 260 |
|
|
|a Chevy Chase, Md. (5530 Wisconsin Ave., Chevy Chase 20815) :
|b Primary Health Care Operations Research, Center for Human Services,
|c 1985
|
| 300 |
|
|
|a 72 pages :
|b illustrations ;
|c 28 cm.
|
| 490 |
0 |
|
|a PRICOR monograph series.
|v 3
|
| 500 |
|
|
|a "This publication was prepared under Agency for International Development contract DSPE-5920-A-00-1048-00"--T.p. verso.
|
| 504 |
|
|
|a Includes bibliographical references.
|
| 541 |
1 |
|
|e 00010357
|
| 650 |
|
0 |
|a Community health services
|z Developing countries
|x Citizen participation.
|9 40372
|
| 650 |
|
0 |
|a Operations research.
|9 40373
|
| 650 |
|
2 |
|a Community Health Services
|x organization & administration.
|9 40374
|
| 650 |
|
2 |
|a Primary Health Care
|x organization & administration.
|9 40375
|
| 650 |
|
2 |
|a Research
|x methods.
|9 40376
|
| 700 |
1 |
|
|a Pillsbury, Barbara L. K.
|9 40377
|
| 700 |
1 |
|
|a Nicholas, David,
|d 1936-
|9 40378
|
| 710 |
1 |
|
|a United States.
|b Agency for International Development.
|9 40379
|
| 710 |
2 |
|
|a Primary Health Care Operations Research (Project : Center for Human Services)
|9 40380
|
| 740 |
0 |
|
|a Community organization.
|
| 852 |
4 |
|
|a Ayesha Abed Library
|j General Stacks
|
| 942 |
|
|
|2 ddc
|c BK
|
| 952 |
|
|
|0 0
|1 0
|2 ddc
|4 0
|6 362_104250000000000_GOL_1985
|7 0
|9 4048
|a BRACUL
|b BRACUL
|c GEN
|d 2009-10-10
|g 0.00
|l 0
|o 362.10425 GOL
|p 3010010357
|r 2009-10-10
|t 1
|w 2009-10-10
|y BK
|x No price found in the accession register.
|